Tilastot visalle Valtiot, joissa on eniten venäjänkielisiä

Klikkaa tästä pelataksesi tätä visaa!

Yleistilastot

  • Tätä visaa on pelattu 604 kertaa
  • Keskiarvotulos 13 / 16

Vastaustilastot

Puhujia%Valtio% Oikein
118 581 51485,7Venäjä
100%
14 273 67029,6Ukraina
99%
77 1771,40Suomi
96%
383 11829,6Viro
96%
698 75733,8Latvia
95%
6 672 96470,2Valko-Venäjä
95%
218 3837,20Liettua
94%
3 793 80021,2Kazakstan
88%
900 2050,30Yhdysvallat
86%
2 257 0002,80Saksa
75%
264 1629,70Moldova
71%
112 1500,30Kanada
70%
305 8025,40Turkmenistan
64%
482 2008,90Kirgisia
63%
122 4491,40Azerbaidžan
59%
1 155 96015,0Israel
25%

Tulosjakauma

Persentiili vastausten määrän mukaan

Jokaisen tuloksen saaneiden osuus

Tuloshistoriasi

Et ole pelannut tätä visaa